000 03234cam a22004577i 4500
999 _c12328
_d12328
003 OSt
005 20240117100825.0
008 200116r20081971enka b 000 0 eng d
020 _a9780141035819
_qpaperback
041 1 _aeng
_hita
042 _alccopycat
082 0 4 _a745.4
_222
084 _aJ50-05
_2clc
084 _aJ50
_2clc
100 1 _aMunari, Bruno,
_eauthor.
240 1 0 _aArte come mestiere.
_lEnglish
245 1 0 _aDesign as art /
_cBruno Munari ; translated by Patrick Creagh.
300 _a223 pages :
_billustrations ;
_c19 cm.
490 1 _aPenguin modern classics
500 _aOriginally published (in Italian) by Editori Laterza, 1966.
505 0 _aPreface : The useless machines -- Design as art -- Designers and stylists : what is a designer? ; Pure and applied ; A living language ; A rose is a rose is a ; The stylists ; Mystery art -- Visual design : Character building ; The shape of words ; Poems and telegrams ; Two in one ; A language of signs and symbols? ; 12,000 different colors -- Graphic design : Poster with a central image ; Poster without end ; Children's books -- Industrial design : Micro-art ; How one lives in a traditional Japanese house ; What is bamboo? ; A spontaneous form ; A prismatic lamp ; Wear and teat ; Orange, peas and rose ; A piece of travelling sculpture ; Luxuriously appointed gentlemen's apartments ; Knives, forks, and spoons ; And that's not all ; Fancy goods -- Research design : Iris ; Growth and explosion ; Concave-convex forms ; The tetracone ; Yang-yin ; Moiré ; Direct projection ; Projections with polarized light ; The square ; The circle ; An arrow can lose its feathers but not its point ; Theoretical reconstruction of imaginary objects ; Exercises in topology, or rubber-sheet geometry ; Two fountains, nine spheres -- Appendix : the machines of my childhood (1924).
520 _aBruno Munari was among the most inspirational designers of all time, described by Picasso as 'the new Leonardo'. Munari insisted that design be beautiful, functional and accessible, and this enlightening and highly entertaining book sets out his ideas about visual, graphic and industrial design and the role it plays in the objects we use everyday. Lamps, road signs, typography, posters, children's books, advertising, cars and chairs - these are just some of the subjects to which he turns his illuminating gaze.
546 _aTranslated from the Italian.
600 1 4 _aMunari, Bruno,
_d1907-1998.
650 0 _aDesign
_xPhilosophy.
650 0 _aArt and design.
650 7 _aDesign
_xPhilosophy.
_2blmlsh
650 7 _aArt and design.
_2blmlsh
650 7 _aDesign
_xPhilosophy.
_2cct
650 7 _aArt and design.
_2cct
650 7 _aArt and Design.
_2eflch
650 7 _aArt and design.
_2fast
650 7 _aDesign
_xPhilosophy.
_2fast
650 7 _aDesign
_xteori, filosofi.
_2sao
700 1 _aCreagh, Patrick,
_etranslator.
830 0 _aPenguin modern classics.
856 4 1 _3Table of contents
_qapplication/pdf
_uhttp://swbplus.bsz-bw.de/bsz288049454inh.htm
_v20091021111626
906 _a7
_bcbc
_ccopycat
_d2
_encip
_f20
_gy-gencatlg
942 _2ddc